000 01271nam a2200325 i 4500
003 EG-GICUC
005 20260121101531.0
008 251221s2013 ua ||||fr|||| 000 0 ara d
020 _a978-977-04-7187-6
040 _a EG-GICUC
_bara
_c EG-GICUC
_d EG-GICUC
_erda
041 _aara
082 0 4 _221
_a345.451
_bق د . م
092 0 4 _221
099 _aLaw1 07 345.451 ق د . م 2013
100 0 _aقدري محمد محمود
_eمؤلف.
245 1 2 _aالمسئولية التأديبية للأطباء /
_cدكتور قدري محمد محمود.
264 1 _aالقاهرة :
_bدار النهضة العربية,
_c2013.
300 _a294 صفحة؛
_c24 سم
_bإيضاحيات، صور، مثيليات ؛
336 _2rda content
_atext
337 _2rda media
_aComputer
338 _2rda carrier
_aOnline Resource
546 _aالنص أغلبه باللغة العربية مع بعض النصوص الفرنسية
650 1 4 _aالسلطات التاديبية
_2qrmak
650 1 4 _aالجريمة التاديبية
650 1 4 _aالنظام القانوني للعاملين بالقطاع العام
651 1 _2qrmak
856 4 0 _uhttps://fll.law.cu.edu.eg/fulltext/bks/B07-01792.pdf
905 _a79
942 _2ddc
_cBK
_e21
_n0
999 _c52092
_d52092